Basic readings in interpersonal communication : (Record no. 545673)
[ view plain ]
| 000 -LEADER | |
|---|---|
| fixed length control field | 00629cam a2200181 i 4500 |
| 020 ## - INTERNATIONAL STANDARD BOOK NUMBER | |
| International Standard Book Number | 0060423293 |
| 082 00 - DEWEY DECIMAL CLASSIFICATION NUMBER | |
| Classification number | 621.38 |
| Author Mark | GIF |
| -- | L-11, P-133 |
| 100 1# - MAIN ENTRY--PERSONAL NAME | |
| Personal name | Giffin, Kim, |
| 9 (RLIN) | 41612 |
| 245 10 - TITLE STATEMENT | |
| Title | Basic readings in interpersonal communication : |
| Remainder of title | theory and application / |
| Statement of responsibility, etc. | Kim Giffin, Bobby R. Patton ; under the advisory editorship of J. Jeffrey Auer. |
| 250 ## - EDITION STATEMENT | |
| Edition statement | 2d ed. |
| 260 ## - PUBLICATION, DISTRIBUTION, ETC. | |
| Place of publication, distribution, etc. | New York : |
| Name of publisher, distributor, etc. | Harper & Row, |
| Date of publication, distribution, etc. | [1976] |
| 300 ## - PHYSICAL DESCRIPTION | |
| Extent | xi, 272 p. ; |
| Dimensions | 24 cm. |
| 526 ## - STUDY PROGRAM INFORMATION NOTE | |
| Program name | 0 |
| Interest level | 0 |
| Reading level | 0 |
| Title point value | 621_380000000000000_GIF |
| 650 #0 - SUBJECT ADDED ENTRY--TOPICAL TERM | |
| Topical term or geographic name entry element | Interpersonal relations. |
| 9 (RLIN) | 12558 |
| 650 #0 - SUBJECT ADDED ENTRY--TOPICAL TERM | |
| Topical term or geographic name entry element | MCE |
| 9 (RLIN) | 379 |
| 700 1# - ADDED ENTRY--PERSONAL NAME | |
| Personal name | Patton, Bobby R., |
| 9 (RLIN) | 41613 |
| 942 ## - ADDED ENTRY ELEMENTS (KOHA) | |
| Source of classification or shelving scheme | |
| Koha item type | Book |
| Withdrawn status | Lost status | Source of classification or shelving scheme | Damaged status | Not for loan | Permanent Location | Current Location | Date acquired | Total Checkouts | Full call number | Barcode | Date last seen | Price effective from | Koha item type |
|---|---|---|---|---|---|---|---|---|---|---|---|---|---|
| Military College of Engineering (MCE) | Military College of Engineering (MCE) | 05/27/2014 | 621.38 GIF | MCE-15862 | 05/27/2014 | 05/27/2014 | Book |
